|
|
|
|
| LEADER |
00000nam1a2200000 4500 |
| 001 |
380095 |
| 005 |
20231101062639.0 |
| 011 |
|
|
|a 0579-2983
|
| 035 |
|
|
|a (RuTPU)RU\TPU\prd\721
|
| 035 |
|
|
|a BOOK00000722
|
| 090 |
|
|
|a 380095
|
| 100 |
|
|
|a 20011210d19581995u y0 y50 ca
|
| 101 |
0 |
|
|a rus
|
| 102 |
|
|
|a BY
|
| 200 |
1 |
|
|a Известия вузов и энергетических объединений СНГ. Энергетика
|e научно-технический и производственный журнал
|f Министерство образования республики Беларусь
|
| 205 |
|
|
|a Издается с 1958 г.
|
| 210 |
|
|
|a Минск
|c БГКА
|d 1993-1995
|
| 326 |
|
|
|a ежемесячно
|
| 430 |
|
1 |
|0 (RuTPU)RU\TPU\prd\196
|x 0579-2983
|t Известия вузов. Энергетика
|o научно-технический журнал
|f Министерство высшего и среднего специального образования СССР
|e Издается с 1958 г.
|c Минск
|n Белорусский политехнический институт
|d 1958-1992
|
| 610 |
1 |
|
|a энергетика
|
| 610 |
1 |
|
|a энергетические величины
|
| 610 |
1 |
|
|a энергетические задачи
|
| 610 |
1 |
|
|a энергетические источники
|
| 610 |
1 |
|
|a энергетические системы
|
| 675 |
|
|
|a 620.9
|v 3
|
| 712 |
0 |
2 |
|a Министерство образования республики Беларусь
|
| 801 |
|
0 |
|a RU
|b 63413507
|c 20011210
|g PSBO
|
| 801 |
|
2 |
|a RU
|b 63413507
|c 20100910
|g PSBO
|
| 942 |
|
|
|c CR
|